[Event "British Rapidplay"]
[Site "Peterborough"]
[Date "2024.03.02"]
[Round "6"]
[White "Hebden, Mark"]
[Black "Moreby, James"]
[Result "1-0"]
[WhiteElo "2386"]
[BlackElo "2260"]
[PlyCount "57"]
[EventDate "2024.03.02"]
[EventType "swiss (rapid)"]
[EventRounds "11"]
[EventCountry "ENG"]
[SourceTitle "CBM 219 Extra"]
[Source "ChessBase"]
[SourceDate "2024.05.31"]
[SourceVersion "1"]
[SourceVersionDate "2024.05.31"]
[SourceQuality "1"]

1. d4 Nf6 2. Bg5 c5 3. d5 Qb6 4. Nc3 Qxb2 5. Bd2 Qb6 6. e4 d6 7. Rb1 Qc7 8. f4 a6 9. a4 g6 10. Nf3 Bg7 11. Bc4 0-0 12. 0-0 Re8 13. e5 Ng4 14. Ng5 Nh6 15. e6 f5 16. h3 b5 17. axb5 axb5 18. Nxb5 Qd8 19. g4 Na6 20. gxf5 gxf5 21. Kh2 Nc7 22. Nxc7 Qxc7 23. Rg1 Rf8 24. Qh5 Kh8 25. Bc3 Rf6 26. Nf7+ Nxf7 27. Rxg7 Nh6 28. Qxh6 Rxh6 29. Rg6# 1-0

[Event "Cambridge op 2nd"]
[Site "Cambridge"]
[Date "2024.02.23"]
[Round "7"]
[White "Cole, James"]
[Black "Hebden, Mark"]
[Result "1/2-1/2"]
[WhiteElo "1940"]
[BlackElo "2416"]
[PlyCount "90"]
[EventDate "2024.02.19"]
[EventType "swiss"]
[EventRounds "9"]
[EventCountry "ENG"]
[SourceTitle "CBM 218 Extra"]
[Source "ChessBase"]
[SourceDate "2024.03.31"]
[SourceVersion "1"]
[SourceVersionDate "2024.03.31"]
[SourceQuality "1"]

1. e4 e5 2. Nf3 Nc6 3. Bb5 a6 4. Ba4 Nf6 5. Qe2 b5 6. Bb3 Be7 7. 0-0 0-0 8. c3 d5 9. d3 Re8 10. Re1 Bb7 11. Nbd2 Bf8 12. a3 Qd7 13. exd5 Na5 14. Ba2 Bxd5 15. Bxd5 Qxd5 16. b4 Nb7 17. c4 Qd8 18. Bb2 c5 19. cxb5 axb5 20. Nxe5 cxb4 21. axb4 Bxb4 22. Rxa8 Qxa8 23. Ra1 Qd8 24. Ne4 Na5 25. Qf3 h5 26. Rd1 Be7 27. h3 b4 28. d4 Rf8 29. d5 Nxe4 30. Qxe4 Qd6 31. Rd3 Bf6 32. Nc4 Nxc4 33. Bxf6 Qxf6 34. Qxc4 Ra8 35. Rd1 Ra1 36. Qc8+ Kh7 37. Qc2+ g6 38. d6 Qc3 39. Qe2 Qd4 40. Rxa1 Qxa1+ 41. Kh2 Qd4 42. Qe7 Qf4+ 43. Kg1 b3 44. Qb7 Qc1+ 45. Kh2 Qf4+ 1/2-1/2

[Event "BCF-chT 2324 (4NCL)"]
[Site "England"]
[Date "2023.11.12"]
[Round "2.2"]
[White "Camacho Collados, Jose"]
[Black "Hebden, Mark"]
[Result "1-0"]
[WhiteElo "2373"]
[BlackElo "2443"]
[PlyCount "55"]
[EventDate "2023.11.11"]
[EventType "team-tourn"]
[EventRounds "11"]
[EventCountry "ENG"]
[SourceTitle "CBM 217 Extra"]
[Source "ChessBase"]
[SourceDate "2024.01.31"]
[SourceVersion "1"]
[SourceVersionDate "2024.01.31"]
[SourceQuality "1"]
[WhiteTeam "Chessable White Rose"]
[BlackTeam "Cheddleton"]
[WhiteTeamCountry "ENG"]
[BlackTeamCountry "ENG"]

1. Nf3 Nf6 2. d4 g6 3. Bg5 Bg7 4. Nbd2 0-0 5. c3 d6 6. e4 c5 7. dxc5 dxc5 8. Bc4 Nc6 9. 0-0 Qc7 10. a4 h6 11. Bxf6 Bxf6 12. Re1 Bg7 13. Qe2 a6 14. e5 Bg4 15. h3 Bxf3 16. Nxf3 e6 17. h4 h5 18. Qe4 Rfd8 19. g4 hxg4 20. Qxg4 Na5 21. Ba2 Qb6 22. h5 gxh5 23. Qxh5 c4 24. Ng5 Rd7 25. Rad1 Rad8 26. Rd4 Re7 27. Rg4 Qxb2 28. Ne4 1-0